000 00665nam a2200217 u 4500
005 20240228064206.0
008 150226s2006 r 000 0 eng d
020 _a8484880438
035 _aUPN01000202128
049 _aI
050 4 _aPZ76.3
_bC6.53
100 1 _aCousins, Lucy,
_d1964-
_936493
245 1 0 _aMaisy y Rodrigo van al dentista /
_cLucy Cousins.
260 _aBarcelona, Esp. :
_bSerres,
_cc2006.
300 _a[25] p. :
_bil. col.
534 _pTítulo original:
_tMaisy, Charley and the Wobbly Tooth
650 0 _aAnimales
_vCuentos y leyendas
_9234
650 4 _aLibros y lectura para niños
_92290
905 _aInfantil
999 _c174229
_d174229